000 00692nam a22002057a 4500
003 OSt
005 20240723053323.0
008 240723b |||||||| |||| 00| 0 eng d
020 _a978-621-406-159-4
040 _aDWC- Main Lib
_cOC
082 _aFil. 499.211 K82 2018
100 _aJioffre Acopra
245 _aKontekstwalisadong filipino sa malayuning komunikasyon/
_cJioffre Acopra.
260 _aManila , Philippines :
_bMindshapers ,
_cc2018.
300 _avi , 194 pages :
_billustrations ;
_c23cm.
504 _aIncludes bibliographical references.
650 _a1. Communication– Social aspects
650 _a2. Communication– Study and teaching
942 _2ddc
_cBK - FIL
_n1
999 _c2595
_d2595